|
|
|
|
| LEADER |
00838nam a2200205 a 4500 |
| 001 |
000400658 |
| 003 |
CZ BrMZK |
| 005 |
19980105143423.0 |
| 007 |
ta |
| 008 |
980105s1987 xo f slo d |
| 040 |
|
|
|a BOA001
|b cze
|
| 080 |
|
|
|a 51:37.02(063)
|2 MRF
|
| 245 |
0 |
0 |
|a Zborník z celoslovenskej konferencie o vyučovaní matematiky v základných a stredných školách :
|b stav a výsledky vyučovania matematiky v základných a stredných školách a ďalší postup jeho skvalitňovania /
|c Zost. Júlia Lukátšová
|
| 250 |
|
|
|a 1. vyd.
|
| 260 |
|
|
|a Bratislava :
|b Slovenské pedagogické nakladateľstvo,
|c 1987
|
| 300 |
|
|
|a 200 s.
|
| 700 |
1 |
|
|a Lukátšová, Júlia
|7 jx20071030045
|4 com
|
| 910 |
|
|
|a BOA001
|b 2-0916.219
|
| 990 |
|
|
|a BK
|
| 996 |
7 |
|
|b 2619352797
|c 2-0916.219
|l MZK
|r Sklad / do 1 hodiny
|n 0
|w 000400658
|u 000010
|a 1
|e BOA001
|j MZK50
|s A
|